Fabricante de Lágrimas (Registro nro. 1773)
[ vista simple ]
| 000 -LEADER | |
|---|---|
| fixed length control field | 01008nam a22001937a 4500 |
| 003 - CONTROL NUMBER IDENTIFIER | |
| control field | OSt |
| 005 - DATE AND TIME OF LATEST TRANSACTION | |
| control field | 20250729155132.0 |
| 008 - FIXED-LENGTH DATA ELEMENTS--GENERAL INFORMATION | |
| fixed length control field | 250729b |||||||| |||| 00| 0 eng d |
| 020 ## - INTERNATIONAL STANDARD BOOK NUMBER | |
| International Standard Book Number | 9789585155695 |
| 082 ## - DEWEY DECIMAL CLASSIFICATION NUMBER | |
| Edition number | 1a Edición |
| 100 ## - MAIN ENTRY--PERSONAL NAME | |
| Personal name | ERIN DOOM |
| 245 ## - TITLE STATEMENT | |
| Title | Fabricante de Lágrimas |
| 260 ## - PUBLICATION, DISTRIBUTION, ETC. | |
| Name of publisher, distributor, etc. | Montena |
| Date of publication, distribution, etc. | 2021 |
| 300 ## - PHYSICAL DESCRIPTION | |
| Extent | 629 pag. |
| Size of unit | Pesado |
| 520 ## - SUMMARY, ETC. | |
| Summary, etc. | En el orfanato en el que Nica creció, siempre se han contado historias y leyendas a la luz de las velas. La más famosa de todas es la del fabricante de lágrimas, un misterioso artesano culpable de haber forjado todos los miedos y las angustias que habitan en los corazones del ser humano. Para Nica ya es hora de dejar atrás los cuentos de la infancia y de vivir lo que para ella es un sueño hecho realidad: ser adoptada. Pero no estará sola en el nuevo hogar, ya que la familia acogerá también a Rigel, un chico de rostro angelical que oculta algo oscuro en su ser. |
| 650 ## - SUBJECT ADDED ENTRY--TOPICAL TERM | |
| Topical term or geographic name entry element | AMOR |
| 650 ## - SUBJECT ADDED ENTRY--TOPICAL TERM | |
| Topical term or geographic name entry element | SENTIMIENTOS |
| 942 ## - ADDED ENTRY ELEMENTS (KOHA) | |
| Source of classification or shelving scheme | Dewey Decimal Classification |
| Koha item type | Libros |
| Suppress in OPAC | No |
| Withdrawn status | Lost status | Source of classification or shelving scheme | Damaged status | Not for loan | Collection | Home library | Current library | Shelving location | Date acquired | Source of acquisition | Inventory number | Total checkouts | Total renewals | Full call number | Barcode | Date last seen | Date last checked out | Copy number | Price effective from | Koha item type |
|---|---|---|---|---|---|---|---|---|---|---|---|---|---|---|---|---|---|---|---|---|
| Dewey Decimal Classification | Estantería F Fila 1 | Biblioteca Stanford | Biblioteca Stanford | Biblioteca Abierta | 29.07.2025 | LECTURA | 0437 | 2 | 1 | lectura | BIBLIO0437 | 23.03.2026 | 04.08.2025 | 1 | 29.07.2025 | Libros |